| 000 | 01212cam a2200241 4500 | ||
|---|---|---|---|
| 001 | WB3740-16 | ||
| 008 | 011024n2001 000 0 eng u | ||
| 035 | _a(Sirsi) u115287 | ||
| 245 | _aHSE planning new asbestos regulation | ||
| 260 | _c2001 | ||
| 490 |
_aRICS Building Surveying Faculty News _v 18 October, (1) |
||
| 520 | _aHSE is planning to introduce a new regulation on managing the risk from asbestos in commercial and domestic premises. The two key issues are: the identification of duty holder and the extension of regulations beyond the workplace. The consultation period on the revised proposals for non-domestic premises is expected to end in January 2002. It is possible that the Regulations would be made by Summer 2002. For information on the HSE Consultation campaign see Health and Safety Executive Asbestos Campaign: http://www.hse.gov.uk/asbestos/index.htm | ||
| 590 | _aWB | ||
| 650 | _aMANAGEMENT-HEALTH AND SAFETY-HAZARDOUS SUBSTANCES-ASBESTOS | ||
| 650 | _aHSE | ||
| 650 | _aCOMMERCIAL PREMISES | ||
| 650 |
_aRESIDENTIAL PROPERTY _96266 |
||
| 650 | _aREGULATIONS | ||
| 650 | _aCONSULTATION | ||
| 650 | _aRISK MANAGEMENT | ||
| 690 |
_aHEALTH AND SAFETY _96244 |
||
| 942 | _n0 | ||
| 999 |
_c68662 _d68662 |
||